000 004330000a22001690004500
003 MACL
005 20160105160210.0
008 160105b xxu||||| |||| 00| 0 eng d
040 _aMACL
_cMACL
041 _aEnglish
082 _a821/SAN
100 _aSandys, George
_928202
245 _aThe poetical Works of George Sandys
260 _bJohn Russell Smith
_c1872
_aLondon
650 _aPoetries
_928203
942 _cBK
_k821/SAN
_2ddc
999 _c37749
_d37749